000 00919nas a2200289 4500
001 BR0100572
003 BR-BrBNA
005 20231205102044.0
007 ta
008 230509b bl.|||p| |||| 00| 00por d
040 _aBR-BrBNA
_bpor
_cBiblioteca Nacional de Agricultura
041 _a(Pt)
072 _aP33; F60
100 1 _aAquino Neto, V.
100 1 _aCamargo, O.A.
245 1 _aCrescimento e acumulo de cromio em alface cultivada em dois latossolos tratados com CrCl3 e residuos de curtume
650 _aAlface
650 _aLatossolo Roxo
650 _aLatossolo Vermelho Amarelo
650 _aLodo Residual
650 _aMicroelemento
650 _aCurtume
650 _aCondutividade Eletrica
773 0 _tRevista Brasileira de Ciencia do Solo (Brazil)
_xISSN 0100-0683
_g(Jan-Mar 2000), v. 24(1) p. 225-235
_wBR0100572
909 _a202311
_bLúcia
_c55
_dLúcia Elande
942 _2AGRIS
_n0
_cANA
999 _c165485
_d165485